00279nam a22000857a 4500008004100000040005500041080002200096245003500118260004000153240726b |||||||| |||| 00| 0 eng d aNational Science LibrarycNational Science Library aR 030.1=40 bK0.3 aGrand larousse encyclopedique  aParis: bLibrairie Larousse, c1960